Pragati's text book of pharmacognosy: (Record no. 13783)

MARC details
000 -LEADER
fixed length control field 01007nam a22002537a 4500
005 - DATE AND TIME OF LATEST TRANSACTION
control field 20080618111634.0
008 - FIXED-LENGTH DATA ELEMENTS--GENERAL INFORMATION
fixed length control field 080617t xxu||||| |||| 00| 0 eng d
010 ## - LIBRARY OF CONGRESS CONTROL NUMBER
LC control number ENG-90365
020 ## - INTERNATIONAL STANDARD BOOK NUMBER
Terms of availability 150.00
International Standard Book Number 8183985956
035 ## - SYSTEM CONTROL NUMBER
System control number EN-73898
037 ## - SOURCE OF ACQUISITION
Source of stock number/acquisition DBAD / PUB
040 ## - CATALOGING SOURCE
Original cataloging agency DPL
Language of cataloging EN
082 ## - DEWEY DECIMAL CLASSIFICATION NUMBER
Classification number 615.321
100 ## - MAIN ENTRY--PERSONAL NAME
Personal name Gupta, M.K.
245 ## - TITLE STATEMENT
Title Pragati's text book of pharmacognosy:
Statement of responsibility, etc by M.K. Gupta [and] P.K. Sharma
Remainder of title (according to the D. Pharma Ist year syllabus as prescribed by Pharmacy Council of India in Educations Regulation 1991) /
260 ## - PUBLICATION, DISTRIBUTION, ETC. (IMPRINT)
Place of publication, distribution, etc Meerut
Name of publisher, distributor, etc Pragati Prakashan
Date of publication, distribution, etc 2008
270 ## - ADDRESS
Address Pragati Bhawan, 240, W.K, Road,
City Meerut
Postal code 250001
300 ## - PHYSICAL DESCRIPTION
Extent 280p.:
Dimensions 25 cm (pbk)
Other physical details ill.
490 ## - SERIES STATEMENT
Series statement
500 ## - GENERAL NOTE
General note Includes index
700 ## - ADDED ENTRY--PERSONAL NAME
Personal name Sharma, P.K.
942 ## - ADDED ENTRY ELEMENTS (KOHA)
Koha item type English Books
Classification part 615.321
Source of classification or shelving scheme Dewey Decimal Classification
Call number suffix GUP
Holdings
Withdrawn status Lost status Damaged status Not for loan Collection code Home library Current library Date acquired Source of acquisition Cost, normal purchase price Total Checkouts Full call number Barcode Date last seen Copy number Cost, replacement price Price effective from Koha item type
      Not For Loan Non-fiction D.B.Act.Division D.B.Act.Division 18/06/2008 DBAD / PUB 150.00   615.321 GUP EN-73898 15/09/2008 1 150.00 15/09/2008 English Books

© Delhi Public Library
Hit Counter
free hit counter